000
00266nam a22001217a 4500
008
170907b xxu||||| |||| 00| 0 eng d
041
_a
eng
080
_a
72
100
_a
41
101
_a
ARK
245
_a
ARCHITECTURE THROUGH THE AGES
_c
HAMLIN.T
942
_2
udc
_c
BK
999
_c
26501
_d
26501